| 000 | 00964nam a2200289Ia 4500 | ||
|---|---|---|---|
| 003 | OSt | ||
| 005 | 20221006154811.0 | ||
| 006 | a|||||r|||| 00| 0 | ||
| 007 | ta | ||
| 008 | 221006b |||||||| |||| 00| 0 eng d | ||
| 020 |
_a9780804754897 _c¥ 4375 |
||
| 024 | _a39,331 | ||
| 037 |
_bGift, Japan Foundation _cTextual |
||
| 040 |
_aEASL _cEASL _beng |
||
| 041 |
_2eng _aeng |
||
| 082 | _aL:4231:663, P7 | ||
| 100 |
_aJannetta Ann Au. _9667531 |
||
| 245 | 0 |
_aVaccinators _b Smallpox, medical knowledge and the opening of Japan |
|
| 260 |
_aStandford _bStandford University Press _c2007 |
||
| 300 |
_axviii,245p. _ccm. |
||
| 650 |
_a Diffusion-innovation-Japan _9667532 |
||
| 650 |
_a History-Japan-Smallpox _9667533 |
||
| 650 |
_a Social change-history-Japan _9667534 |
||
| 650 |
_aSmallpox-vacination-japan-history _9667535 |
||
| 942 |
_hL:4231:663, P7 _cTEXL _2CC |
||
| 999 |
_c1107417 _d1107417 |
||